000 00514nam a2200205Ia 4500
003 LK-CoDNM
005 20241217132626.0
008 121203t1955 xxu||||| |||| 00| 0 sin d
040 _aLK-CoDNM
_dLK-CoDNM
_eLK-CoDNM
041 _asin
080 _a8S-1 14/15
_bALA
100 _aSenadira .D.W
245 _aසුභාෂිතය
246 _aSubhashithaya
260 _bY.Don Edvin
_a-
_c1955
300 _b55p. ; 21 cm
650 _a1955
650 _aපුරාතන පද්‍ය
942 _cBK
999 _c77032
_d77032